<?xml version="1.0" encoding="UTF-8"?>
<marc:record xmlns:marc="http://www.loc.gov/MARC21/slim">
   <marc:leader>00000nam a2200000 a 4500</marc:leader>
   <marc:datafield ind1="1" ind2=" " tag="100">
      <marc:subfield code="a">Knigge, Judith</marc:subfield>
      <marc:subfield code="4">aut</marc:subfield>
      <marc:subfield code="e">Verfasser/-in</marc:subfield>
   </marc:datafield>
   <marc:datafield ind1=" " ind2=" " tag="653">
      <marc:subfield code="a">Lebenskrise</marc:subfield>
   </marc:datafield>
   <marc:datafield ind1=" " ind2=" " tag="653">
      <marc:subfield code="a">Freundschaft</marc:subfield>
   </marc:datafield>
   <marc:datafield ind1=" " ind2=" " tag="653">
      <marc:subfield code="a">Reise</marc:subfield>
   </marc:datafield>
   <marc:datafield ind1="0" ind2="0" tag="245">
      <marc:subfield code="a">Zwei mit Fernweh</marc:subfield>
   </marc:datafield>
   <marc:datafield ind1="0" ind2="0" tag="245">
      <marc:subfield code="b">Roman</marc:subfield>
   </marc:datafield>
   <marc:datafield ind1="0" ind2="0" tag="245">
      <marc:subfield code="c">Judith Knigge</marc:subfield>
   </marc:datafield>
   <marc:datafield ind1=" " ind2="1" tag="264">
      <marc:subfield code="a">München</marc:subfield>
      <marc:subfield code="b">blanvalet</marc:subfield>
      <marc:subfield code="c">2020</marc:subfield>
   </marc:datafield>
   <marc:datafield ind1=" " ind2=" " tag="250">
      <marc:subfield code="a">1. Aufl.</marc:subfield>
   </marc:datafield>
   <marc:datafield ind1="1" ind2=" " tag="520">
      <marc:subfield code="a">Was passiert, wenn dein Leben plötzlich Kopf steht? Wenn dich die Liebe deines Lebens verlässt und die Kinder einen ganz anderen Weg einschlagen, als du dir vorgestellt hast? Wenn dir bewusst wird, dass der Rest deines Lebens nicht so verlaufen wird, wie du immer gedacht hast? Genau das passiert der 52-jährigen Heike. Und es haut sie erst mal um. Doch mit Hilfe ihrer Freundin Gabi kommt sie bald wieder auf die Beine, oder besser: auf die Räder. Denn Gabi leiht Heike ihr geliebtes Wohnmobil Möppi und schickt sie auf eine ganz besondere Reise. Dabei lernt Heike sich nicht nur selbst völlig neu kennen, sondern muss auch ungeahnte Wege gehen. Und als sie die 30-jährige Anja trifft, ahnt sie nicht, dass diese Begegnung nicht nur zu einem unvergesslichen Sommer führt, sondern Heikes Leben für immer verändern wird ...</marc:subfield>
   </marc:datafield>
   <marc:datafield ind1=" " ind2=" " tag="020">
      <marc:subfield code="a">9783734108068</marc:subfield>
      <marc:subfield code="9">9783734108068</marc:subfield>
   </marc:datafield>
   <marc:datafield ind1=" " ind2=" " tag="020">
      <marc:subfield code="a">3734108063</marc:subfield>
      <marc:subfield code="9">3734108063</marc:subfield>
   </marc:datafield>
   <marc:datafield ind1=" " ind2=" " tag="300">
      <marc:subfield code="a">348 S.</marc:subfield>
   </marc:datafield>
</marc:record>
